[Event "ROM-chT"]
[Site "ROM"]
[Date "1993.??.??"]
[Round "9"]
[White "Kocsis, Levente"]
[Black "Milu, Romeo Sorin"]
[Result "1-0"]
[WhiteElo "2265"]
[BlackElo "2410"]

1.c4 g6 2.Nf3 Bg7 3.d4 Nf6 4.Nc3 O-O 5.e4 d6 6.Be2 e5 7.O-O Nc6 8.d5 Ne7
9.Ne1 Nd7 10.Nd3 f5 11.Bd2 Kh8 12.b4 Nf6 13.f3 f4 14.g4 Ne8 15.Be1 Bf6 16.Bf2 h5
17.h3 Kg7 18.Kg2 Rh8 19.Rh1 Ng8 20.Qe1 Nh6 21.c5 Nf7 22.a4 Ng5 23.a5 Be7
24.Qd1 Nf7 25.cxd6 cxd6 26.Qg1 a6 27.Bb6 Qd7 28.b5 Ng5 29.Nb4 Nf6 30.Qf1 Rf8
31.bxa6 bxa6 32.Nxa6 Nxf3 33.Nc7 Nd2 34.Qd1 f3+ 35.Bxf3 Nxf3 36.Ne6+ Kg8
37.Qxf3 Rf7 38.Ng5 Rf8 39.Ne6 Rf7 40.Raf1 Ba6 41.g5 Bxf1+ 42.Rxf1 Rc8 43.gxf6 Rxf6
44.Qg3 Rxc3 45.Qxc3 Rxf1 46.Qc6 Qxc6 47.dxc6 Rc1 48.c7  1-0

[Event "Rostov"]
[Site "Rostov"]
[Date "1993.??.??"]
[Round "?"]
[White "Oll, Lembit"]
[Black "Dolmatov, Sergey"]
[Result "1/2-1/2"]
[WhiteElo "2585"]
[BlackElo "2615"]

1.d4 Nf6 2.c4 g6 3.Nc3 Bg7 4.e4 d6 5.Nf3 O-O 6.Be2 e5 7.O-O Nc6 8.d5 Ne7
9.Bg5 Nh5 10.Ne1 Nf4 11.Nd3 Nxe2+ 12.Qxe2 h6 13.Bd2 g5 14.g4 Ng6 15.f3 Nf4
16.Nxf4 exf4 17.Nd1 c6 18.Bc3 cxd5 19.Bxg7 Kxg7 20.cxd5 Bd7 21.Nf2 Rc8 22.Qd2 Qb6
23.Rfe1 Rc5 24.Kg2 Rfc8 25.Rac1 Rxc1 26.Rxc1 Rxc1 27.Qxc1 Qd4 28.Qc3 Qxc3
29.bxc3 Bb5 30.Nd1 Kf6 31.Nb2 Ba6 32.Kf2 Ke7 33.Ke1 Kd7 34.Kd2 Kc7 35.a4 b6
36.c4 Bc8 37.Nd1 Bd7 38.Nc3 f6 39.Nb5+  1/2-1/2

[Event "Rostov"]
[Site "Rostov"]
[Date "1993.??.??"]
[Round "?"]
[White "Lputian, Smbat G"]
[Black "Dolmatov, Sergey"]
[Result "0-1"]
[WhiteElo "2610"]
[BlackElo "2615"]

1.d4 Nf6 2.c4 g6 3.Nc3 Bg7 4.e4 d6 5.Nf3 O-O 6.Be2 e5 7.O-O Nc6 8.d5 Ne7
9.Nd2 a5 10.a3 Nd7 11.Rb1 f5 12.b4 Kh8 13.Qc2 Nf6 14.f3 axb4 15.axb4 c6 16.Kh1 f4
17.dxc6 Nxc6 18.Nb5 Be6 19.Rd1 Qe7 20.Nf1 Rfd8 21.Bd2 g5 22.Be1 Bf8 23.Bf2 Qg7
24.g4 h5 25.h3 Qh7 26.Kg1 Rd7 27.Nh2 hxg4 28.hxg4 Qh3 29.Bf1 Qh6 30.Be1 Be7
31.Rb2 Kg7 32.Qg2 Rc8 33.Be2 Nd8 34.Qf1 Nf7 35.Bc3 Bd8 36.Rbd2 Bb6+ 37.Kh1 Bxg4
38.Nxd6 Rxd6 39.Rxd6 Rh8 40.Qg2 Bh3  0-1

[Event "Rostov"]
[Site "Rostov"]
[Date "1993.??.??"]
[Round "?"]
[White "Epishin, Vladimir"]
[Black "Dolmatov, Sergey"]
[Result "1/2-1/2"]
[WhiteElo "2620"]
[BlackElo "2615"]

1.d4 Nf6 2.c4 g6 3.Nc3 Bg7 4.e4 d6 5.Nf3 O-O 6.Be2 e5 7.O-O Nc6 8.d5 Ne7
9.Nd2 a5 10.Rb1 Nd7 11.a3 f5 12.b4 Kh8 13.f3 f4 14.c5 axb4 15.axb4 dxc5 16.bxc5 Nxc5
17.Nc4 b6 18.Nb5 Ba6 19.Ba3 c6 20.dxc6 Nxc6 21.Qxd8 Rfxd8 22.Nxb6 Bxb5 23.Bxb5 Rxa3
24.Bxc6 Rc3 25.Nd5 Rc2 26.Nb4 Rc3 27.Bd5 Bf6 28.Nc6 Rd6 29.Rfc1 Rxc1+ 30.Rxc1 Ne6
31.Bxe6 Rxe6 32.Kf1 Kg7 33.Nb4 Rb6 34.Nd5 Ra6 35.Rc7+ Kh6 36.g3 Ra1+ 37.Kg2 Ra2+
38.Kh3 Bg5 39.Rc3 Rf2 40.Rb3 Kh5 41.Nb6 Bf6 42.Nd5 Bg5 43.Nc7 fxg3 44.hxg3 Bc1
45.Nd5 Kg5 46.Nb4 Rb2 47.Rxb2 Bxb2  1/2-1/2

[Event "Rostov op"]
[Site "Rostov"]
[Date "1993.??.??"]
[Round "?"]
[White "Sherbakov, Ruslan"]
[Black "Belov, Igor"]
[Result "1-0"]
[WhiteElo "2570"]
[BlackElo "2440"]

1.d4 Nf6 2.c4 g6 3.Nc3 Bg7 4.e4 d6 5.Be2 O-O 6.Nf3 e5 7.O-O Nc6 8.d5 Ne7
9.Nd2 a5 10.a3 c5 11.Rb1 Ne8 12.b4 axb4 13.axb4 b6 14.bxc5 bxc5 15.Nb3 Kh8
16.Bd2 f5 17.Ra1 Rxa1 18.Qxa1 Ng8 19.Na5 Qh4 20.Nc6 Nef6 21.f4 exf4 22.Rxf4 Qh6
23.Qc1 g5 24.Rxf5 Bxf5 25.exf5 Qh4 26.Bxg5 Bh6 27.Bxh4 Bxc1 28.Nb5 Ne4 29.g4 Ra8
30.Bd3 Ngf6 31.Nxd6 Ra1 32.Nxe4 Bg5+ 33.Kg2 Bxh4 34.Nxf6 Bxf6 35.Kf3 Rd1
36.Be2 Rd2 37.Nb8 h5 38.gxh5 Kg7 39.Na6 Be7 40.Nc7 Kf6 41.Ke3 Rd4 42.h3 Kxf5
43.Ne6 Re4+ 44.Kd3 Ke5 45.Bg4 Re1 46.h6 Ra1 47.h7 Ra3+ 48.Ke2 Ra8 49.Bh5 Kf6
50.Bf3 Ke5 51.d6 Bf6 52.Nxc5 Ra2+ 53.Ke3 Ra3+ 54.Kf2 Kf4 55.Ne6+ Ke5 56.d7  1-0

[Event "Rostov op"]
[Site "Rostov"]
[Date "1993.??.??"]
[Round "?"]
[White "Belov, Igor"]
[Black "Petrushin, Alexander I"]
[Result "1/2-1/2"]
[WhiteElo "2440"]
[BlackElo "2400"]

1.Nf3 Nf6 2.c4 g6 3.Nc3 Bg7 4.e4 d6 5.d4 O-O 6.Be2 e5 7.O-O Nc6 8.d5 Ne7
9.Bg5 Ne8 10.Nd2 f6 11.Be3 f5 12.f3 c5 13.dxc6 bxc6 14.b4 Nc7 15.Nb3 Ne6
16.Qd2 Qc7 17.Rfd1 Rd8 18.Rac1 Bb7 19.b5 c5 20.Nd5 Qd7 21.Na5 Rab8 22.Rb1 Kh8
23.Bg5 Nxg5 24.Qxg5 Ng8 25.Nxb7 Rxb7 26.a4 Rf8 27.a5 Nf6 28.Qe3 Nxd5 29.Rxd5 Qd8
30.Qd2 fxe4 31.Rxd6 Qh4 32.g3 Qh3 33.fxe4 Bh6 34.Bg4 Bxd2 35.Bxh3 Bxa5 36.Rf1 Rbf7
37.Rxf7 Rxf7 38.Be6 Rf6 39.Kg2 h5 40.h4 Bb6 41.Kh3 Ba5 42.g4 Rf3+ 43.Kg2 hxg4
44.Bd5 Be1 45.Rxg6 Rf2+ 46.Kg1 g3 47.Rg5 Ra2 48.Kf1 Bf2 49.h5 Ra1+ 50.Kg2 Ra2
51.Rg6 Be1+ 52.Kf1 Ra1 53.Kg2 Ra2+ 54.Kf1 Ra1 55.Ke2 Bf2 56.Kf3 Ra3+ 57.Kg2 Ra2
58.Be6 Rc2 59.h6 Be1+ 60.Kf1 Rc1 61.Kg2 Rc2+ 62.Kf1 Rc1 63.Bf5 Bd2+ 64.Ke2 g2
65.Rxg2 Bxh6 66.Rg6 Bf4 67.Be6 Rc3 68.Rg8+ Kh7 69.Rc8 Kg6 70.Bf5+ Kg5 71.Rxc5 Be3
72.Rc6 Bd4 73.Kd2 Kf4 74.Bh7 Rh3 75.Rf6+ Kg5 76.Rf5+ Kg4 77.Bg8 Rc3 78.Be6 Kg3
79.Rf7 Ra3 80.Bd5 Ra2+ 81.Kd3 Ra3+ 82.Kc2 Kg4 83.Kb1 Ra1+ 84.Kc2 Ra3 85.Rf5 Kg3
86.Be6 Re3 87.Bd5 Ra3 88.Rf7  1/2-1/2

[Event "Rostov op"]
[Site "Rostov"]
[Date "1993.??.??"]
[Round "?"]
[White "Zakharov, Alexander V"]
[Black "Novik, Maxim"]
[Result "0-1"]
[WhiteElo "2355"]
[BlackElo "2430"]

1.d4 Nf6 2.c4 g6 3.Nc3 Bg7 4.e4 d6 5.Nf3 O-O 6.Be2 e5 7.O-O Nc6 8.Be3 Re8
9.dxe5 dxe5 10.h3 Be6 11.c5 Nh5 12.Ng5 Nf4 13.Nxe6 Nxe6 14.Bb5 Rf8 15.Bxc6 bxc6
16.Qa4 Nd4 17.Rad1 Qe7 18.Qc4 Rab8 19.Rd2 a5 20.Ne2 Rfd8 21.a3 Qh4 22.f4 Ne6
23.Rxd8+ Qxd8 24.f5 gxf5 25.exf5 Nd4 26.Ng3 Rxb2 27.f6 Bf8 28.Qc1 Rb3 29.Nf5 Ne2+  0-1

[Event "Sala op"]
[Site "Sala"]
[Date "1993.??.??"]
[Round "7"]
[White "Brestak, Jan"]
[Black "Balogh, Pal"]
[Result "0-1"]
[WhiteElo "2285"]
[BlackElo "2080"]

1.Nf3 Nf6 2.c4 g6 3.Nc3 Bg7 4.e4 d6 5.d4 O-O 6.Be2 e5 7.O-O Nc6 8.d5 Ne7
9.Nd2 Nd7 10.b4 f5 11.f3 f4 12.Nb3 g5 13.c5 Nf6 14.Bd2 Ng6 15.Nb5 Rf7 16.Rc1 h5
17.Rc3 g4 18.Qc2 Ne8 19.Rc1 Bd7 20.c6 bxc6 21.dxc6 Be6 22.Bc4 Bxc4 23.Rxc4 gxf3
24.gxf3 Nh4 25.Kf2 Qb8 26.Nc3 a6 27.Nd5 Qa7+ 28.Ke2 Bf6 29.Rf1 Rg7 30.Be1 Rg2+
31.Rf2 Rg1 32.Kd1 Bg5 33.Qe2 Nf6 34.Nxf6+ Bxf6 35.Rf1 Rg2 36.Bf2 Qb8 37.Rg1 Rxg1+
38.Bxg1 Kh8 39.Bf2 Ng2 40.Kd2 Bh4 41.Bxh4 Nxh4 42.a4 Qa7 43.Rc2 Rg8 44.Kc3 Qb6
45.Qf2 Qe3+ 46.Qxe3 fxe3 47.Re2 Nxf3 48.Rxe3 Ng5 49.Kc4 Rb8 50.Nd2 Kg7 51.Rb3 Ne6
52.b5 Nd4 53.Rb2 axb5+ 54.axb5 Nxc6 55.Nf3 Ne7 56.Rg2+ Kf6 57.Rg5 Rh8 58.h4 Ng6
59.Rf5+ Ke7 60.Kd5 Nf4+ 61.Kc6 Ne6 62.Kb7 Rf8 63.Ng5 Rxf5 64.Nxe6 Rf4 65.Nxc7 Rxe4  0-1

[Event "Sala op"]
[Site "Sala"]
[Date "1993.??.??"]
[Round "11"]
[White "Shtyrenkov, Veniamen"]
[Black "Balogh, Pal"]
[Result "1-0"]
[WhiteElo "2465"]
[BlackElo "2080"]

1.d4 Nf6 2.c4 g6 3.Nc3 Bg7 4.e4 d6 5.Be2 O-O 6.Nf3 e5 7.O-O Nc6 8.d5 Ne7
9.Ne1 Nd7 10.g4 f5 11.f3 Kh8 12.Be3 Ng8 13.Qd2 a5 14.Nd3 Ndf6 15.Qd1 b6 16.Kh1 Nd7
17.Qd2 f4 18.Bf2 Bf6 19.Qe1 h5 20.h3 Rf7 21.Kg2 Rh7 22.Rh1 Nc5 23.Nc1 Qe7
24.b3 Bd7 25.a3 hxg4 26.hxg4 Rxh1 27.Qxh1+ Qh7 28.Qxh7+ Kxh7 29.Rb1 Bd8 30.Kf1 Nh6
31.Ke1 Nf7 32.b4 axb4 33.axb4 Nb7 34.Kd2 Kg7 35.Nd3 Be7 36.Bd1 Kf6 37.Bh4+ g5
38.Bf2 Nh8 39.Nb2 Ng6 40.Ba4 Bxa4 41.Nbxa4 Nf8 42.Kc2 Nd7 43.Rh1 Kg7 44.Nb2 Kg6
45.Nd3 Kg7 46.Kb2 Ra6 47.Nb5 Bd8 48.Kb3 Ra8 49.Kb2 Ra6 50.Rc1 Kf6 51.Rc3 Ra4
52.Ra3 Rxa3 53.Kxa3 Ke7 54.Na7 Ke8 55.Ka4 Bf6 56.Kb5 Nd8 57.Nc6 Nf7 58.Ka6 Nf8
59.Kb7 Kd7 60.Nb8+  1-0

[Event "Santiago ARAIS tt"]
[Site "Santiago"]
[Date "1993.??.??"]
[Round "8"]
[White "Araya, Ricardo"]
[Black "Velasquez Ojeda, Cesar"]
[Result "0-1"]
[WhiteElo "2320"]
[BlackElo "2310"]

1.d4 Nf6 2.Nf3 g6 3.c4 Bg7 4.Nc3 O-O 5.e4 d6 6.Be2 e5 7.O-O Nc6 8.d5 Ne7
9.Nd2 Nd7 10.b4 f5 11.a4 Bh6 12.Qc2 Kh8 13.Nb3 Bxc1 14.Raxc1 Nf6 15.f3 Rf7
16.c5 Neg8 17.cxd6 cxd6 18.a5  0-1

[Event "Seefeld op"]
[Site "Seefeld"]
[Date "1993.??.??"]
[Round "2"]
[White "Jedinger, Andreas"]
[Black "Piepho, Niels"]
[Result "0-1"]
[WhiteElo "1755"]
[BlackElo "1980"]

1.d4 Nf6 2.c4 g6 3.Nc3 Bg7 4.e4 d6 5.Nf3 O-O 6.Be2 e5 7.O-O Nc6 8.d5 Ne7
9.Nd2 c5 10.dxc6 bxc6 11.b4 d5 12.c5 a5 13.Na4 axb4 14.Nb6 Rb8 15.a4 bxa3
16.Rxa3 dxe4 17.Qa4 Nfd5 18.Ndc4 Be6 19.Rd1 Qc7 20.Bd2 Nf4 21.Bf1 Nf5 22.g3 Nd5
23.Bg2 Nd4 24.Bxe4 f5 25.Bg2 f4 26.Nxd5 Bxd5 27.Ba5 Qd7 28.Rxd4 exd4 29.Bxd5+ Qxd5
30.Nb6 Qf5 31.Qxc6 fxg3 32.Rxg3 Qxf2+ 33.Kh1 Qa2 34.Bb4 Qb1+ 35.Rg1 Rf1 36.Qd5+ Kh8
37.Qg2 Rxg1+ 38.Qxg1 Qxb4 39.Nd7 Qb7+  0-1

[Event "Seefeld op"]
[Site "Seefeld"]
[Date "1993.??.??"]
[Round "5"]
[White "Mertens, Klaus"]
[Black "Jedinger, Andreas"]
[Result "0-1"]
[WhiteElo "2195"]
[BlackElo "1755"]

1.Nf3 Nf6 2.c4 g6 3.Nc3 Bg7 4.d4 O-O 5.e4 d6 6.Be2 e5 7.O-O Nc6 8.d5 Ne7
9.Ne1 Nd7 10.Be3 f5 11.f3 f4 12.Bf2 g5 13.a4 Nf6 14.a5 Ng6 15.c5 Rf7 16.Nd3 Bf8
17.a6 b6 18.cxb6 cxb6 19.Nb4 h5 20.Nc6 Qe8 21.Nb5 g4 22.Be1 Rg7 23.Qc2 h4
24.fxg4 Nxg4 25.Bxg4 Bxg4 26.h3 Bh5 27.Kh2 f3 28.g4 hxg3+ 29.Bxg3 Nf4 30.Ra3 Qd7
31.Bxf4 Rg2+ 32.Qxg2+ fxg2 33.Rg1 exf4 34.Rxg2+ Kh7 35.Nbd4 Bh6 36.Rf2 Rg8
37.Nf5 f3 38.Nxh6 Kxh6 39.Nd4 Kh7 40.Rc3 Qg7  0-1

[Event "Sitges op"]
[Site "Sitges"]
[Date "1993.??.??"]
[Round "9"]
[White "Pogorelov, Ruslan"]
[Black "Marin, Mihail"]
[Result "0-1"]
[WhiteElo "2415"]
[BlackElo "2515"]

1.Nf3 Nf6 2.c4 g6 3.Nc3 Bg7 4.e4 O-O 5.d4 d6 6.Be2 e5 7.O-O Nc6 8.d5 Ne7
9.Ne1 Nd7 10.Nd3 f5 11.Bd2 Kh8 12.b4 Nf6 13.f3 f4 14.g4 Neg8 15.Be1 h6 16.h4 Nh7
17.Kg2 Bf6 18.Rh1 h5 19.g5 Bxg5 20.hxg5 Qxg5+ 21.Kf1 Qe7 22.Bf2 Ngf6 23.Ke1 g5
24.Kd2 Rg8 25.c5 Bd7 26.b5 Raf8 27.c6 bxc6 28.bxc6 Bc8 29.Qa4 g4 30.Bh4 Ng5
31.Bxg5 Rxg5 32.Qxa7 Qh7 33.Rh4 gxf3 34.Bxf3 Rg3 35.Rf1 Bg4 36.Bxg4 Rxg4
37.Rfh1 Rg2+ 38.Nf2 Qg6 39.R1h2 Kg8 40.Rxg2 Qxg2 41.Kc1 Qg1+ 42.Ncd1 Nxe4
43.Rxh5 Nf6 44.Rh1 Qg7 45.Nd3 Ne4 46.N1f2 Nf6 47.Nh3 Ne4 48.Nhf2 Nf6 49.Nh3 Ne4
50.Rg1 Ng3 51.Kc2 Qf7 52.Qa5 Qf5 53.Nf2 Rf7 54.Nh1 Qg4 55.Nxg3 fxg3 56.Qb4 e4
57.Kb1 g2 58.Nc1 Qf3 59.Qd2 Rg7 60.Qe2 Rg5 61.Kc2 Kf7 62.a4 Qa3 63.Qc4 Rg3
64.Qd4 Qf3 65.Qd2 Qf1 66.Qd1 Qc4+ 67.Kd2 Qc3+  0-1

[Event "SLO-ch"]
[Site "?"]
[Date "1993.??.??"]
[Round "?"]
[White "Jelen, Igor"]
[Black "Tratar, Marko"]
[Result "1/2-1/2"]
[WhiteElo "2325"]
[BlackElo "2290"]

1.d4 Nf6 2.c4 g6 3.Nc3 Bg7 4.e4 d6 5.Nf3 O-O 6.Be2 e5 7.O-O Nc6 8.d5 Ne7
9.Ne1 Nd7 10.Nd3 f5 11.f3 Nf6 12.c5 c6 13.Qb3 Kh8 14.Be3 fxe4 15.fxe4 cxd5
16.cxd6 d4 17.dxe7 Qxe7 18.Bf2 Be6 19.Nd5 Bxd5 20.exd5 e4 21.Bxd4 exd3 22.Bxd3 Ng4
23.Qc3 Qe3+ 24.Bxe3 Rxf1+ 25.Bxf1 Bxc3 26.bxc3 Nxe3 27.c4 Rc8 28.Rb1 b6 29.Rb4 Kg7
30.Be2 Nc2 31.Ra4 a5 32.Bd3 Nb4 33.Bf1 Kf6 34.Ra3 Ke5 35.Rb3 Rb8 36.a3 Na6
37.Kf2 Nc5 38.Rh3 Rb7 39.Ke3 Ne4 40.Bd3 Nd6 41.Rg3 b5 42.cxb5 Nxb5 43.Rg5+ Kd6
44.h4 Nxa3 45.h5 gxh5 46.Rxh5 Nb5 47.Bxh7 a4 48.Rh6+ Kc5 49.Rc6+ Kb4 50.Bd3 a3
51.Bxb5 Rxb5 52.Ke4 a2 53.Rc1 Ka3 54.Ra1 Rb1 55.Rxa2+ Kxa2 56.d6 Rg1  1/2-1/2

[Event "SLO-ch"]
[Site "?"]
[Date "1993.??.??"]
[Round "?"]
[White "Jelen, Iztok"]
[Black "Tratar, Marko"]
[Result "1/2-1/2"]
[WhiteElo "2390"]
[BlackElo "2290"]

1.d4 Nf6 2.c4 g6 3.Nc3 Bg7 4.e4 d6 5.Nf3 O-O 6.Be2 e5 7.O-O Nc6 8.Be3 Re8
9.dxe5 dxe5 10.h3 Be6 11.c5 a6 12.Qa4 Qe7 13.Rfd1 Rad8 14.Bc4 Nd4 15.Nxd4 exd4
16.Bxd4 Nxe4 17.Bxg7 Nxc5 18.Qb4 Rxd1+ 19.Rxd1 Kxg7 20.Bxe6 fxe6 21.Ne4 Nxe4
22.Qxe4 Rd8 23.Rxd8 Qxd8 24.Qxb7 Qd1+ 25.Kh2 Qd6+ 26.g3 Qb6 27.Qxb6 cxb6
28.Kg2 Kf6 29.f4 Kf5 30.Kf3 e5 31.g4+ Ke6 32.Ke4 exf4 33.Kxf4 h6 34.Ke4 Kd6
35.h4 Ke6 36.Kd4 a5 37.a4 Kd6 38.Kc4 Kc6 39.Kd4 Kd6 40.Kc4 Ke5 41.Kb5 Kf4
42.Kxb6 Kxg4 43.Kxa5 Kxh4 44.b4 g5 45.b5 g4 46.b6 g3 47.b7 g2 48.b8=Q g1=Q  1/2-1/2

[Event "SLO-ch"]
[Site "?"]
[Date "1993.??.??"]
[Round "?"]
[White "Truta, Srecko"]
[Black "Tratar, Marko"]
[Result "1/2-1/2"]
[WhiteElo "2270"]
[BlackElo "2290"]

1.d4 Nf6 2.Nf3 g6 3.c4 Bg7 4.Nc3 O-O 5.e4 d6 6.Be2 e5 7.O-O Nc6 8.d5 Ne7
9.Nd2 a5 10.Rb1 Nd7 11.a3 f5 12.b4 Kh8 13.f3 Ng8 14.Qc2 Ngf6 15.Bd3 f4 16.Be2 Ne8
17.Nb5 b6 18.c5 bxc5 19.bxc5 Nxc5 20.a4 h5 21.Ba3 Na6 22.Rfc1 g5 23.Qc3 g4
24.Qxa5 Rg8 25.Nf1 Bh6 26.Qc3  1/2-1/2

[Event "SLO-chT"]
[Site "?"]
[Date "1993.??.??"]
[Round "?"]
[White "Jelen, Iztok"]
[Black "Cigan, Stefan"]
[Result "1-0"]
[WhiteElo "2390"]
[BlackElo "2365"]

1.d4 Nf6 2.c4 g6 3.Nc3 Bg7 4.e4 d6 5.Nf3 O-O 6.Be2 e5 7.O-O Nc6 8.Be3 Ng4
9.Bg5 f6 10.Bc1 Nh6 11.dxe5 dxe5 12.Qd5+ Kh8 13.Be3 Qe8 14.Rfd1 Be6 15.Qb5 Rb8
16.Qa4 f5 17.Bc5 Rg8 18.Nb5 fxe4 19.Ng5 Bf5 20.Nxc7 Qc8 21.Nb5 Rd8 22.Nxa7 Nxa7
23.Qxa7 Re8 24.Bd6 Ra8 25.Qe3 Ng4 26.Bxg4 Bxg4 27.Rdc1 Bf5 28.c5 Qc6 29.Nf7+ Kg8
30.Nh6+ Kh8 31.Nf7+ Kg8 32.Nh6+ Kh8 33.Qg5 Qd5 34.Nxf5 gxf5 35.Qxf5 e3 36.fxe3 Rxa2
37.Rxa2 Qxa2 38.Qd7 Rg8 39.Qxb7 Qa4 40.Qd5 Qe8 41.c6  1-0

[Event "SLO-chT"]
[Site "?"]
[Date "1993.??.??"]
[Round "?"]
[White "Brglez, Rado"]
[Black "Kecic, Stevan"]
[Result "1/2-1/2"]
[WhiteElo "2310"]
[BlackElo "2255"]

1.d4 Nf6 2.c4 g6 3.Nc3 Bg7 4.e4 d6 5.Nf3 O-O 6.Be2 e5 7.O-O Nc6 8.d5 Ne7
9.Nd2 Ne8 10.b4 f5 11.c5 a5 12.bxa5 dxc5 13.Nb3 Nd6 14.f3 c6 15.Be3 c4 16.Bb6 Qe8
17.Nc5 Bh6 18.N5a4 fxe4 19.fxe4 Rxf1+ 20.Bxf1 cxd5 21.Nxd5 Nxd5 22.Qxd5+ Qe6
23.Rd1 Bf8 24.Bc7 Ra6 25.Nb6 Qxd5 26.exd5 Bg4 27.Re1 Rxa5 28.Nd7 Bxd7 29.Bxa5 e4
30.Bb4 b5 31.a4 bxa4 32.Bxd6 Bxd6 33.Bxc4 e3 34.Kf1 Bc5 35.h3 a3 36.Ke2 Kf7
37.Rb1 Bd4 38.Rb7 Ke7 39.Bb5 a2 40.Rxd7+ Kf6 41.Rd6+ Ke5 42.Ra6  1/2-1/2

[Event "SLO-chT"]
[Site "?"]
[Date "1993.??.??"]
[Round "?"]
[White "Tratar, Marko"]
[Black "Cigan, Stefan"]
[Result "1/2-1/2"]
[WhiteElo "2290"]
[BlackElo "2365"]

1.d4 Nf6 2.Nf3 g6 3.c4 Bg7 4.Nc3 O-O 5.e4 d6 6.Be2 e5 7.O-O Nc6 8.d5 Ne7
9.Nd2 a5 10.a3 Bd7 11.Rb1 a4 12.b4 axb3 13.Rxb3 b6 14.a4 Ne8 15.Ra3 f5 16.f3 Nf6
17.Nb3 h5 18.a5 bxa5 19.c5 a4 20.Nd2 Bh6 21.Nc4 Bxc1 22.Qxc1 f4  1/2-1/2

[Event "Sochi"]
[Site "Sochi"]
[Date "1993.??.??"]
[Round "?"]
[White "Neverov, Valeriy"]
[Black "Petrushin, Alexander I"]
[Result "1/2-1/2"]
[WhiteElo "2535"]
[BlackElo "2410"]

1.d4 Nf6 2.c4 g6 3.Nc3 Bg7 4.e4 d6 5.Nf3 O-O 6.Be2 e5 7.O-O Nc6 8.d5 Ne7
9.Ne1 Nd7 10.Nd3 f5 11.Bd2 Nf6 12.f3 f4 13.Rc1 g5 14.g4 h5 15.h3 hxg4 16.hxg4 Kf7
17.c5 Rh8 18.Rf2 Ng6 19.cxd6 cxd6 20.Nb5 Ne8 21.Qc2 Bd7 22.Nc7 Rc8 23.Ne6 Qb6
24.Qxc8 Bxc8 25.Rxc8 Bf6 26.b4 Rh3 27.a4 a5 28.bxa5 Rg3+ 29.Kf1 Qb1+ 30.Ne1 Nh4
31.Rb8 Rh3 32.Kg1 Be7 33.a6 Qb6 34.axb7 Rh1+ 35.Kxh1 Qxf2 36.Rxe8 Qxe2 37.b8=Q Qf1+
38.Kh2 Qf2+ 39.Kh1 Qf1+  1/2-1/2

[Event "St Ingbert op"]
[Site "St Ingbert"]
[Date "1993.??.??"]
[Round "9"]
[White "Bischoff, Klaus"]
[Black "Neurohr, Stephan"]
[Result "1/2-1/2"]
[WhiteElo "2515"]
[BlackElo "2310"]

1.c4 Nf6 2.Nc3 g6 3.e4 d6 4.d4 Bg7 5.Be2 O-O 6.Nf3 e5 7.O-O Nc6 8.d5 Ne7
9.Ne1 Nd7 10.Nd3 f5 11.Bd2 Nf6 12.f3 f4 13.c5 g5 14.cxd6 cxd6 15.Nf2 Ng6
16.Qc2 h5 17.h3 Rf7 18.Rfc1 g4 19.hxg4 hxg4 20.fxg4 Ne8 21.a4  1/2-1/2

[Event "St Petersburg op"]
[Site "St Petersburg"]
[Date "1993.??.??"]
[Round "?"]
[White "Zilberstein, Valery I"]
[Black "Kruppa, Yuri"]
[Result "0-1"]
[WhiteElo "2270"]
[BlackElo "2485"]

1.d4 Nf6 2.c4 g6 3.Nc3 Bg7 4.e4 d6 5.Nf3 O-O 6.Be2 e5 7.O-O Nc6 8.Be3 Ng4
9.Bg5 f6 10.Bc1 Kh8 11.d5 Ne7 12.b4 f5 13.a4 Nf6 14.a5 c6 15.Ra3 fxe4 16.Ng5 cxd5
17.cxd5 Bf5 18.g4 Bc8 19.Ngxe4 Nexd5 20.Nb5 Nxe4 21.Qxd5 a6 22.Qxe4 d5 23.Qg2 axb5
24.Bxb5 Be6 25.Be2 Qd6 26.Rd3 Qxb4 27.Ba3 Qxa5 28.Bxf8 Rxf8 29.Rb3 Qa2 30.Bd1 Qa6
31.Qg3 d4 32.Ra3 Qd6 33.Ra5 Bc4 34.Re1 b5 35.Bf3 d3 36.Rea1 Bd5 37.Bxd5 Qxd5
38.Rd1 e4 39.Qc7 Bd4 40.Qe7 Bxf2+  0-1

[Event "St Petersburg op"]
[Site "St Petersburg"]
[Date "1993.??.??"]
[Round "?"]
[White "Tosic, Miroslav"]
[Black "Yezersky, Vladimir"]
[Result "1/2-1/2"]
[WhiteElo "2465"]
[BlackElo "2325"]

1.Nf3 Nf6 2.c4 g6 3.Nc3 Bg7 4.e4 d6 5.d4 O-O 6.Be2 e5 7.O-O Nc6 8.d5 Ne7
9.a4 a5 10.Ne1 Nd7 11.Be3 Nc5 12.Nd3 b6 13.b4 axb4 14.Nxb4 Bd7 15.a5 Rxa5
16.Rxa5 bxa5 17.Bxc5 axb4 18.Bxb4 Qb8 19.Nb5 f5 20.Qc2 fxe4 21.Ba5 Nxd5 22.cxd5 Bxb5
23.Bxc7 Qb7 24.Bxd6 Bxe2 25.Qxe2 Rd8 26.Bc5 Qxd5 27.Be3  1/2-1/2

[Event "St Petersburg op"]
[Site "St Petersburg"]
[Date "1993.??.??"]
[Round "?"]
[White "Novik, Maxim"]
[Black "Sergeev, Veniamin"]
[Result "1-0"]
[WhiteElo "2475"]
[BlackElo "2405"]

1.Nf3 Nf6 2.c4 g6 3.d4 Bg7 4.Nc3 O-O 5.e4 d6 6.Be2 e5 7.O-O Nc6 8.d5 Ne7
9.Ne1 Ne8 10.Be3 f5 11.f3 Kh8 12.a4 Ng8 13.Nd3 Bh6 14.Bf2 Ngf6 15.c5 Rg8
16.a5 a6 17.b4 Qe7 18.Nb2 Bd7 19.Nc4 Rd8 20.Rb1 Ng7 21.Kh1 Ngh5 22.b5 axb5
23.Nxb5 fxe4 24.Nxc7 dxc5 25.d6 Qg7 26.Rxb7 Bc8 27.Rb8 Bf4 28.g3 e3 29.gxf4 exf2
30.fxe5 Nd7 31.Ne6 Qh6 32.Nxd8 Rxd8 33.Rxc8 Rxc8 34.Rxf2 Nf4 35.Bf1 Qh4 36.Ra2 Rf8
37.a6 Nh3 38.Bxh3 Qxc4 39.Qe2 Qc1+ 40.Bf1 Qg5 41.e6 Ne5 42.e7  1-0

[Event "St Petersburg op"]
[Site "St Petersburg"]
[Date "1993.??.??"]
[Round "?"]
[White "Notkin, Maksim"]
[Black "Petrushin, Alexander I"]
[Result "1/2-1/2"]
[WhiteElo "2535"]
[BlackElo "2410"]

1.d4 Nf6 2.c4 g6 3.Nc3 Bg7 4.e4 d6 5.Nf3 O-O 6.Be2 e5 7.O-O Nc6 8.d5 Ne7
9.Nd2 a5 10.a3 Nd7 11.Rb1 f5 12.b4 Kh8 13.Qc2 Ng8 14.f3 Bh6 15.Kh1 Ndf6 16.c5 axb4
17.axb4 fxe4 18.Ndxe4 Bf5 19.Bd3 Bxe4 20.Bxe4 Rf7 21.Rd1 Nh5 22.c6 b6 23.Nb5 Qf8
24.Bxh6 Qxh6 25.Qd2 Qf8 26.Ra1 Ngf6 27.Nc3 Rc8 28.Kg1 Ng7 29.Qh6 Kg8 30.Ra7 Qe7
31.Rda1 Rff8 32.Qh4 Ngh5 33.Rb7 Ra8 34.Raa7 Rxa7 35.Rxa7 Qg7 36.Qe1 Nf4 37.Nb5 Qh6
38.Rxc7 Ng4 39.h4 Ne3 40.g3 Nfxd5 41.Rb7 Nf6 42.Nxd6 Nxe4 43.Nxe4 Nc2 44.Qd2 Qxd2
45.Nxd2 Nxb4 46.Rxb6 Nd5 47.Rb5 Nc7 48.Rb7 Nd5 49.Nc4 Rxf3 50.c7 Nxc7 51.Rxc7 Rxg3+
52.Kh2 Rc3 53.Kg2 e4 54.Kf2 Rh3 55.Nd6 Rxh4 56.Ke3 Rh1 57.Nxe4 Rf1 58.Kd4 Rf7  1/2-1/2

[Event "Rilton Cup op9394"]
[Site "Stockholm"]
[Date "1993.??.??"]
[Round "2"]
[White "Sandstrom, Ludvig"]
[Black "Eklund, Mathias"]
[Result "1-0"]
[WhiteElo "2300"]
[BlackElo "2235"]

1.d4 Nf6 2.Nf3 g6 3.c4 Bg7 4.Nc3 O-O 5.e4 d6 6.Be2 e5 7.O-O Nc6 8.d5 Ne7
9.Ne1 Nd7 10.f3 f5 11.g4 Kh8 12.Nd3 Ng8 13.Kh1 Bh6 14.gxf5 gxf5 15.f4 fxe4
16.Nxe4 exf4 17.Bxf4 Qh4 18.Qe1 Qxe1 19.Raxe1 Bg7 20.Ng5 Ndf6 21.Bg3 h6 22.Ne6 Bxe6
23.dxe6 Ne7 24.Bf3 Rab8 25.c5 Nf5 26.Bf2 d5 27.Nf4 Rfd8 28.e7 Re8 29.Re5 Ne4
30.Rxf5 Nd2 31.Rg1 Nxf3 32.Ng6+ Kh7 33.Rxf3  1-0

[Event "Stribrna Skalice"]
[Site "Stribrna Skalice"]
[Date "1993.??.??"]
[Round "6"]
[White "Hausner, Ivan"]
[Black "Sogaard, Soren"]
[Result "1-0"]
[WhiteElo "2480"]
[BlackElo "2290"]

1.d4 Nf6 2.c4 g6 3.Nc3 Bg7 4.e4 d6 5.Nf3 O-O 6.Be2 e5 7.O-O Nc6 8.d5 Ne7
9.Ne1 Ne8 10.Be3 f5 11.f3 Kh8 12.c5 f4 13.Bf2 Rf7 14.a4 Ng8 15.a5 h5 16.b4 Bf8
17.c6 bxc6 18.dxc6 Rg7 19.b5 g5 20.b6 axb6 21.axb6 Rxa1 22.Qxa1 cxb6 23.Nd5 g4
24.Kh1 g3 25.Bxb6 Qh4 26.Bg1 Nc7 27.Bc4 Nxd5 28.Bxd5 Ne7 29.Qa8 Qf6 30.Bc4 gxh2
31.Bxh2 h4 32.Rg1 h3 33.Ba6 Bxa6 34.Qxa6 d5 35.exd5 Nxd5 36.gxh3 Rxg1+ 37.Bxg1 Ne7
38.Bc5 Qh4 39.Qf1 Nf5 40.Bf2 Qh6 41.c7 Qc6 42.Qd3 Nd6 43.Qc2 Qxc2 44.Nxc2 Nc8
45.Be1 Bd6 46.Ba5 Kg7 47.Kg2 Kg6 48.Nb4 Kf5 49.Nd5 e4 50.Nc3 e3 51.Kf1 Be5
52.Nb5 Bf6 53.Bc3 Bh4 54.Ke2 Bg3 55.Bb4 Ke6 56.Nd6 Nxd6 57.Bxd6 Kd7 58.h4 Bxh4
59.Bxf4 Bf2 60.Kd3 Bg1 61.Bxe3 Bh2 62.Bb6  1-0

[Event "FRM-ch"]
[Site "Struga"]
[Date "1993.??.??"]
[Round "3"]
[White "Jacimovic, Dragoljub"]
[Black "Gicev, Blagoja"]
[Result "1/2-1/2"]
[WhiteElo "2405"]
[BlackElo "2320"]

1.d4 Nf6 2.c4 g6 3.Nc3 Bg7 4.e4 d6 5.Be2 O-O 6.Nf3 e5 7.O-O Nc6 8.d5 Ne7
9.a4 Nh5 10.g3 f5 11.Nh4 Nf6 12.exf5 Nxf5 13.Nxf5 gxf5 14.f4 Ne4 15.Nxe4  1/2-1/2

[Event "SWZ-chT"]
[Site "?"]
[Date "1993.??.??"]
[Round "?"]
[White "Zueger, Beat"]
[Black "Gallagher, Joseph G"]
[Result "1/2-1/2"]
[WhiteElo "2415"]
[BlackElo "2500"]

1.d4 Nf6 2.c4 g6 3.Nc3 Bg7 4.e4 d6 5.Nf3 O-O 6.Be2 e5 7.O-O Nc6 8.d5 Ne7
9.Ne1 Ne8 10.Be3 f5 11.f3 f4 12.Bf2 h5 13.c5 g5 14.a4 Ng6 15.cxd6 cxd6 16.a5 Bh6
17.b4 Kh7 18.Nb5 a6 19.Na3 Nf6 20.Rc1 g4 21.Bb6 Qe8 22.Rc7+ Rf7 23.Nc4 Bf8
24.Kh1 g3 25.Rxf7+ Qxf7 26.Bg1 gxh2 27.Bf2 Bd7 28.Nb6 Rd8 29.Nxd7 Qxd7 30.b5 axb5
31.Qb3 h4 32.Qxb5 Qg7 33.Nd3 Nh5 34.Rb1 Rd7 35.Kxh2 Ng3 36.Ne1 Rc7 37.Bd3 h3
38.gxh3 Nh4 39.Qb6 Kg8 40.Qb4 Qg5 41.a6 bxa6 42.Qb8 Rc3 43.Qe8 Rxd3 44.Rb7 Qf6
45.Nxd3 Nxf3+ 46.Kg2 Nh4+ 47.Kh2 Nf3+ 48.Kg2 Nh4+ 49.Kh2 Nf3+  1/2-1/2

[Event "SWZ-chT"]
[Site "?"]
[Date "1993.??.??"]
[Round "?"]
[White "Zueger, Beat"]
[Black "Nemet, Ivan"]
[Result "0-1"]
[WhiteElo "2415"]
[BlackElo "2415"]

1.Nf3 Nf6 2.d4 g6 3.c4 Bg7 4.Nc3 O-O 5.e4 d6 6.Be2 e5 7.O-O Nc6 8.d5 Ne7
9.Ne1 Ne8 10.Be3 f5 11.f3 f4 12.Bf2 h5 13.c5 g5 14.a4 Rf6 15.Kh1 Rg6 16.cxd6 Nxd6
17.g3 Bh3 18.Rg1 Qd7 19.Nd3 b6 20.a5 Rf8 21.axb6 axb6 22.Qa4 Qd8 23.Qb4 Kh7
24.Ra7 c5 25.Qa4 Rf7 26.gxf4 gxf4 27.Qd1 Rxg1+ 28.Qxg1 Bf6 29.Qa1 Rg7 30.Bf1 Qc8
31.Ra8 Bxf1 32.Rxc8 Bg2+ 33.Kg1 Bxf3+ 34.Kf1 Nexc8 35.Ne1 Bg4 36.Kg2 Nc4
37.h3 Bd7+ 38.Kh2 N8d6 39.Nf3 b5 40.b3 Ne3 41.Bxe3 fxe3 42.Qa6 Be7 43.Nxe5 Bc8
44.Qc6 Bb7 45.Qd7 b4 46.Ne2 Ba6 47.Nc4 Bxc4 48.bxc4 b3 49.Qa4 Nxe4 50.Ng3 Bd6  0-1